| 000 | 00715nam a22002297a 4500 | ||
|---|---|---|---|
| 003 | 0 | ||
| 005 | 20251104081605.0 | ||
| 008 | 251104b xxu||||| |||| 00| 0 eng d | ||
| 020 | _a978-1-98468-042-6 | ||
| 050 |
_aPN 171.F56 _b.T47 2023 |
||
| 110 | _a3G E-Learning | ||
| 245 |
_aMedia and information literacy / _c3G E-Learning. |
||
| 250 | _aFourth edition. | ||
| 260 |
_aNew York, NY : _b3G E-Learning LLC, _c2023. |
||
| 300 |
_axii, 373 pages : _bcolored illustrations ; _c26 cm. |
||
| 504 | _aIncludes bibliographical references and index. | ||
| 650 | _aMedia literacy. | ||
| 650 | _aInformation literacy. | ||
| 650 |
_aMass media _xStudy and teaching. |
||
| 650 | _aDigital literacy. | ||
| 942 |
_2lcc _cBK |
||
| 999 |
_c368431 _d368431 |
||